KPOP groups debut in 2024 - Statistics

General Stats
  • This quiz has been taken 25 times
  • The average score is 6 of 19
Answer Stats
Agency Answer % Correct
BELIFT LAB ILLIT
77%
PLEDIS Entertainment TWS
59%
YG Entertainment BABYMONSTER
45%
SM ENTERTAINMENT NCT WISH
41%
THEBLACKLABEL MEOVV
36%
JYP Entertainment NEXZ
36%
F&F ENTERTAINMENT UNIS
36%
THE MUZE ENTERTAINMENT RESCENE
32%
WAKEONE izna
27%
iNKODE SAY MY NAME
27%
MODHAUS ARTMS
23%
BIG PLANET MADE Ent. BADVILLAIN
23%
EDEN ENTERTAINMENT ALL(H)OURS
18%
MYSTIC STORY ARrC
14%
H music Entertainment DXMON
14%
143 Entertainment MADEIN
14%
CUBE ENTERTAINMENT NOWZ
14%
egoENT VVUP
9%
TOP MEDIA ODD YOUTH
5%
No matching quizzes found
Score Distribution
Percent of People with Each Score
Percentile by Number Answered
Your Score History
You have not taken this quiz